Statistiche per I Crostacei, Roditori ed I Mammiferi (Seconda)

Clicka qui per fare il quiz!

Statistiche generali

  • Questo quiz è stato fatto 152 volte
    (65 dall'ultimo reset)
  • Il punteggio medio è 17 su 30

Statistiche sulle risposte

Animale in IngleseTradotto% Corretto
dolphindelfino
98%
duckanatra
91%
jaguargiaguaro
91%
falcon (hawk)falco
89%
kangaroocanguro
87%
gazellegazzella
83%
donkeyasino
81%
flamingofenicottero
76%
hyenaiena
76%
flying squirrelscoiattolo volante
76%
goldfishpesce rosso
72%
hamstercriceto
70%
groundhog (marmot)marmotta
70%
goatcapra
69%
guinea pigporcellino d'India
67%
lambagnello
65%
jellyfishmedusa
61%
gooseoca
57%
dovecolomba
50%
earthwormlombrico
48%
ferretfuretto
41%
gerbilgerbillo
33%
hengallina
28%
hedgehogriccio
28%
hummingbirdcolibrì
20%
harelepre
20%
hermit crabpaguro
15%
greyhoundlevriero
11%
flounderplatessa
11%
elk (alce)wapiti
0%

Distribuzione punteggi

Percentile per numero di risposta

Percentuale di utenti per punteggio

I tuoi punteggi nel tempo

Non hai fatto questo quiz dall'ultimo reset